| 000 | 01201nam a22001577a 4500 | ||
|---|---|---|---|
| 999 |
_c514210 _d514210 |
||
| 008 | 201014b ||||| |||| 00| 0 eng d | ||
| 100 |
_aZimmermann, Florian _918653 |
||
| 245 | _aThe dynamics of motivated beliefs | ||
| 260 | _aThe American Economic Review | ||
| 300 | _a260 & 773,a) 110(2), Feb, 2020: p.337-361 | ||
| 520 | _aA key question in the literature on motivated reasoning and self-deception is how motivated beliefs are sustained in the presence of feedback. In this paper, we explore dynamic motivated belief patterns after feedback. We establish that positive feedback has a persistent effect on beliefs. Negative feedback, instead, influences beliefs in the short run, but this effect fades over time. We investigate the mechanisms of this dynamic pattern, and provide evidence for an asymmetry in the recall of feedback. Finally, we establish that, in line with theoretical accounts, incentives for belief accuracy mitigate the role of motivated reasoning. – Reproduced | ||
| 650 |
_aDecision making, Learning, Information and knowledge, Communication, Belief, Unawareness _918624 |
||
| 773 | _0The American Economic Review | ||
| 906 | _aBEHAVIORAL ECONOMICS | ||
| 942 | _cAR | ||